LEADER 00637nam0-2200241 --450 001 9910634495203321 005 20230110110914.0 100 $a20230110d1964----kmuy0itay5050 ba 101 0 $aeng 102 $aUS 105 $a 001yy 200 1 $aMicrostatics$fWilliam S. Vickrey 210 $aNew York \etc.!$cHarcourt, Brace & World$dc1964 215 $aX, 406 p.$d24 cm 676 $a330$v23$zita 700 1$aVickrey,$bWilliam$0240755 801 0$aIT$bUNINA$gREICAT$2UNIMARC 901 $aBK 912 $a9910634495203321 952 $aXV G 163$b75687$fFGBC 959 $aFGBC 996 $aMicrostatics$92997797 997 $aUNINA LEADER 02088nas 2200589-a 450 001 996201087703316 005 20231201164632.0 011 $a1464-5068 035 $a(DE-599)ZDB2654173-7 035 $a(OCoLC)41407227 035 $a(CKB)954925625300 035 $a(CONSER)--2006242029 035 $a(EXLCZ)99954925625300 100 $a19990521b19992011 s-- a 101 0 $aeng 135 $aurcnu|||||||| 181 $ctxt$2rdacontent 182 $cc$2rdamedia 183 $acr$2rdacarrier 200 10$aJournal of automated methods & management in chemistry 210 $a[Cairo?] $cHindawi Pub. Corp.$d1998-2011 215 $a1 online resource 300 $aRefereed/Peer-reviewed 300 $aTitle from journal contents page (publisher's Web site, viewed June 27, 2006). 300 $aPreliminary versions of recently accepted articles also available on publisher's Web site. 311 $a1463-9246 517 3 $aJournal of automated methods and management in chemistry 531 $aJOURNAL OF AUTOMATED METHODS AND MANAGEMENT IN CHEMISTRY 531 $aJ AUTOM METHODS MANAG CHEM 531 $aJ AUTOM METHOD MANAG 531 $aJ. AUTOM. METHODS MANAG. CHEM 531 0 $aJ. autom. methods manag. chem. 606 $aAnalytical chemistry$xAutomation$vPeriodicals 606 $aAutomation 606 $aChemistry Techniques, Analytical$xmethods 606 $aAnalytical chemistry$xAutomation$2fast$3(OCoLC)fst00853461 606 $aQuímica analítica$2thub 606 $aAutomatització$2thub 608 $aPeriodicals.$2lcgft 608 $aPeriodicals.$2fast 608 $aRevistes electròniques.$2thub 615 0$aAnalytical chemistry$xAutomation 615 12$aAutomation. 615 22$aChemistry Techniques, Analytical$xmethods. 615 7$aAnalytical chemistry$xAutomation. 615 7$aQuímica analítica. 615 7$aAutomatització. 676 $a543.0028 906 $aJOURNAL 912 $a996201087703316 996 $aJournal of automated methods & management in chemistry$91999917 997 $aUNISA